Classical apologetics: (Record no. 8670)

000 -LEADER
fixed length control field 00785nam a2200217 a 4500
001 - CONTROL NUMBER
control field :::00006446$&:&@@
003 - CONTROL NUMBER IDENTIFIER
control field OkBaRHE
005 - DATE AND TIME OF LATEST TRANSACTION
control field 20000607103331.0
008 - FIXED-LENGTH DATA ELEMENTS--GENERAL INFORMATION
fixed length control field s1984 j 000 0 eng u
040 ## - CATALOGING SOURCE
Transcribing agency
100 1# - MAIN ENTRY--PERSONAL NAME
Personal name Sproul, R. C. (Robert Charles), 1939-
245 10 - TITLE STATEMENT
Title Classical apologetics:
Remainder of title a rational defense of the Christian faith and a critique of presuppositional apologetics.
Statement of responsibility, etc R. C. Sproul, John Gerstner, Arthur Lindsley.
260 ## - PUBLICATION, DISTRIBUTION, ETC. (IMPRINT)
Place of publication, distribution, etc Grand Rapids, MI., :
Name of publisher, distributor, etc Zondervan
Date of publication, distribution, etc c1984
300 ## - PHYSICAL DESCRIPTION
Extent x, 364 p. ;
Dimensions 22 cm.
650 ## - SUBJECT ADDED ENTRY--TOPICAL TERM
Topical term or geographic name as entry element Apologetics
650 ## - SUBJECT ADDED ENTRY--TOPICAL TERM
Topical term or geographic name as entry element Natural Theology
700 ## - ADDED ENTRY--PERSONAL NAME
Personal name Gerstner, John H.
700 ## - ADDED ENTRY--PERSONAL NAME
Personal name Lindsley, Arthur.
942 ## - ADDED ENTRY ELEMENTS (KOHA)
Source of classification or shelving scheme
Koha item type Books
Copies
Damaged status Full call number Source of classification or shelving scheme Not for loan Koha item type Permanent Location Shelving location Withdrawn status Barcode Price effective from Copy number Date checked out Total Checkouts Date last seen Lost status Current Location Date acquired
 BT 1102 .S586  BooksRHEMA Bible Training CollegeGeneral Stacks 64462010-04-1412013-09-2012014-01-31 RHEMA Bible Training College2010-04-14